Self-organized criticality: a new theory of political behaviour and some of its implications (Record no. 49155)

000 -LEADER
fixed length control field 00427pab a2200145 454500
008 - FIXED-LENGTH DATA ELEMENTS--GENERAL INFORMATION
fixed length control field 180718b2001 xxu||||| |||| 00| 0 eng d
100 ## - MAIN ENTRY--PERSONAL NAME
Personal name Brunk, Gregory G.
245 ## - TITLE STATEMENT
Title Self-organized criticality: a new theory of political behaviour and some of its implications
260 ## - PUBLICATION, DISTRIBUTION, ETC.
Date of publication, distribution, etc. 2001
300 ## - PHYSICAL DESCRIPTION
Extent p.427-45
362 ## - DATES OF PUBLICATION AND/OR SEQUENTIAL DESIGNATION
Dates of publication and/or sequential designation Apr
650 ## - SUBJECT ADDED ENTRY--TOPICAL TERM
Topical term or geographic name entry element Political behaviour
773 ## - HOST ITEM ENTRY
Main entry heading British Journal of Political Science
909 ## -
-- 49155
Holdings
Withdrawn status Lost status Damaged status Not for loan Permanent Location Current Location Date acquired Serial Enumeration / chronology Barcode Date last seen Price effective from Koha item type
        Indian Institute of Public Administration Indian Institute of Public Administration 2018-07-19 Volume no: 31, Issue no: 2 AR49583 2018-07-19 2018-07-19 Articles

Powered by Koha